000 00581cam a22002291 4500
001 sa 68003510
003 DLC
005 20260227112453.0
008 890508s1967 ii b 000 0 kano
010 _asa 68003510
035 _a(OCoLC)19677876
040 _aDLC
_cWaU
_dDLC
042 _apremarc
050 0 0 _aPL4641
_b.N33
100 1 _aNayāka, Hā. Mā.
_q(Harōgadde Mānappa),
_d1931-2000.
245 1 0 _aSamīkṣe.
260 _c[1967]
300 _a179 p.
_c19 cm.
500 _aIn Kannada.
504 _aBibliographical footnotes.
650 0 _aKannada philology.
999 _c79536
_d79536